Statistics for NBA Eastern Conference All-Star Starters

Click here to take the quiz!

General Stats

  • This quiz has been taken 265 times
    (121 since last reset)
  • The average score is 25 of 42

Answer Stats

Answer% Correct
LeBron James
94%
G. Antetokounmpo
91%
Jayson Tatum
89%
Dwyane Wade
83%
Joel Embiid
83%
Kevin Durant
76%
Kyrie Irving
76%
Tyrese Haliburton
73%
Kevin Garnett
71%
Damian Lillard
70%
Allen Iverson
69%
Dwight Howard
69%
Shaquille O'Neal
69%
Chris Bosh
67%
Jimmy Butler
67%
Michael Jordan
64%
Derrick Rose
63%
John Wall
61%
Trae Young
61%
Bradley Beal
59%
Carmelo Anthony
59%
Jason Kidd
57%
Tracy McGrady
57%
Jermaine O'Neal
56%
Vince Carter
56%
DeMar DeRozan
53%
Donovan Mitchell
50%
Kawhi Leonard
50%
Rajon Rondo
50%
Kyle Lowry
49%
Antoine Walker
47%
Ben Wallace
47%
Kemba Walker
47%
Pascal Siakam
46%
Paul George
44%
Alonzo Mourning
43%
Pau Gasol
41%
Dikembe Mutombo
39%
Amar'e Stoudemire
36%
Grant Hill
34%
Gilbert Arenas
29%
Eddie Jones
24%

Score Distribution

Percentile by Number Answered

Percent of People with Each Score

Your Score History

You have not taken this quiz since the last reset